| 000 | 00611nam a22001937a 4500 | ||
|---|---|---|---|
| 999 |
_c64189 _d64189 |
||
| 005 | 20260430113221.0 | ||
| 008 | 260430s1987 enk||||| |||| 00| 0 eng d | ||
| 020 | _a 0894642464x | ||
| 080 | _a005.32 S-30 | ||
| 100 |
_aScanlan, Burt K. _927396 |
||
| 245 |
_aManagement and Organizational Behavior / _cBurt K. Scanlan, Bernard Keys. |
||
| 250 | _aSecond Edition | ||
| 264 |
_aFlorida, _c1987. |
||
| 300 |
_a667 p.; _b25 cm. |
||
| 653 | _aმენეჯმენტი | ||
| 653 | _aორგანიზაცია | ||
| 700 |
_aKeys, Bernard _eავტორი _927397 |
||
| 942 |
_2udc _cᲬᲘᲒᲜᲘ |
||